000 00822nam a22002177a 4500
003 0
005 20250210081628.0
008 150919b xxu||||| |||| 00| 0 eng d
050 _aPGS TP 248.2
_b.K49 2015
100 _aKim, Dong Hyun.
245 _aFat extraction in french fries /
_cDong Hyun Kim (Diego).
260 _aLas PiƱas City, Philippines :
_bSouthville International School and Colleges,
_c2015.
300 _a26 p. :
_bill. ;
_c28 cm.
_fPASS
504 _aIncludes bibliographical references.
650 _2Library of Congress Subject Headings
_aFrench fries
_vPreparation and coooking.
650 _2Library of Congress Subject Headings
_aFats and oils
_vExtraction.
650 _aAcetone
_vUse in extraction.
650 _aMethanol
_vUse in extraction.
650 _aFood Technology.
942 _2lcc
_cPASS
999 _c288692
_d288692